The Dental cosmos. (Record no. 967)

MARC details
000 -LEADER
campo de control de longitud fija 00710nas a2200241 i 4500
001 - NÚMERO DE CONTROL
campo de control 967
003 - IDENTIFICADOR DE NÚMERO DE CONTROL
campo de control ES-MaACL
005 - FECHA Y HORA DE LA ÚLTIMA TRANSACCIÓN
campo de control 20250217134010.0
008 - DATOS DE LONGITUD FIJA--INFORMACIÓN GENERAL
campo de control de longitud fija 950801d18591936xxu | | 1 ||ng d
022 ## - NÚMERO INTERNACIONAL NORMALIZADO PARA PUBLICACIONES SERIADAS
Número Internacional Normalizado para Publicaciones Seriadas 0096-0187
080 ## - NÚMERO DE LA CLASIFICACIÓN DECIMAL UNIVERSAL
Número de la Clasificación Decimal Universal 73
245 04 - MENCIÓN DEL TÍTULO
Título The Dental cosmos.
260 ## - PUBLICACIÓN, DISTRIBUCIÓN, ETC.
Lugar de publicación, distribución, etc. Philadelphia :
Nombre del editor, distribuidor, etc. S.S. White Dental Manufacturing Co,
Fecha de publicación, distribución, etc. 1859-1936 (
Fabricante Patterson and White)
300 ## - DESCRIPCIÓN FÍSICA
Extensión v :
Otras características físicas grab ;
Dimensiones 24 cm.
310 ## - PERIODICIDAD ACTUAL
Periodicidad actual Mensual
362 0# - FECHAS DE PUBLICACIÓN Y/O DESIGNACIÓN SECUENCIAL
Fecha de publicación y/o designación secuencial Vol. 1 (Aug. 1859) - Vol. 78 (Dec. 1936)
650 14 - PUNTO DE ACCESO ADICIONAL DE MATERIA--TÉRMINO DE MATERIA
Término de materia o nombre geográfico como elemento de entrada Patología.
9 (RLIN) 15884
700 1# - ENTRADA AGREGADA--NOMBRE PERSONAL
Nombre de persona Kirk, Edward C.,
Término indicativo de función/relación
9 (RLIN) 227564
700 1# - ENTRADA AGREGADA--NOMBRE PERSONAL
Nombre de persona Anthony, L. Pierce,
Término indicativo de función/relación
9 (RLIN) 21888
852 ## - LOCALIZACIÓN
Ubicación ES-MaACL
Número de control de estantería Hem-131
866 #0 - MENCIÓN TEXTUAL DE FONDOS--UNIDAD BIBLIOGRÁFICA BÁSICA
Fondos 1922-23,1925-31,1933.
Holdings
Estatus retirado Estado de pérdida Estado de daño No para préstamo Colección Biblioteca de origen Biblioteca actual Ubicación en estantería Fecha de adquisición Fuente de adquisición Total de préstamos Signatura topográfica completa Código de barras Visto por última vez Precio de reemplazo Tipo de ítem Koha
        Periódicos y Revistas Biblioteca del Ateneo de Madrid Biblioteca del Ateneo de Madrid Depósito 1 17/01/2008     Hem-131 1000986 23/02/2023 23/02/2023 Revista